| 000 | 00805nas a2200253 4500 | ||
|---|---|---|---|
| 001 | BR8705166 | ||
| 003 | BR-BrBNA | ||
| 005 | 20231205090751.0 | ||
| 007 | ta | ||
| 008 | 230509b bl.|||p| |||| 00| 00por d | ||
| 040 |
_aBR-BrBNA _bpor _cBiblioteca Nacional de Agricultura |
||
| 041 | _a(Pt) | ||
| 072 | _aH10 | ||
| 100 | 1 | _aFreire, F.C.O. | |
| 100 | 1 | _aCampos, S.S.L. | |
| 245 | 1 | _aPatogenicidade de Gracilacus latescens a mudas de freijo (Cordia goeldiana) | |
| 246 | 1 | _aPathogenicity of Gracilacus latescens to seed-lings of Cordia goeldiana | |
| 650 | _aFREIJO-CINZA | ||
| 650 | _aMUDA | ||
| 650 | _aNEMATOIDE | ||
| 773 | 0 |
_tFitopatologia Brasileira (Brazil) _xISSN 0100-4150 _g(Oct 1986), v. 11(3) p. 471-478 _wBR8705166 |
|
| 909 |
_a202311 _bLúcia _c55 _dLúcia Elande |
||
| 942 |
_2AGRIS _n0 _cANA |
||
| 999 |
_c120728 _d120728 |
||